|
|
|
|
| LEADER |
00000ny a22000003n 4500 |
| 005 |
2011061609229.0 |
| 008 |
041013s2002 pe 0 0 spa d |
| 020 |
|
|
|a 9789972733376
|
| 035 |
|
|
|a 4627
|
| 040 |
|
|
|a UCLM
|d vLex
|
| 080 |
|
|
|a 342.7
|
| 090 |
|
|
|c 764
|d 764
|
| 100 |
1 |
|
|a Prieto Sanchs̕, Luis
|
| 245 |
1 |
0 |
|a Derechos fundamentales, neoconstitucionalismo y ponderacin̤ judicial
|h [Recurso electrn̤ico]
|c Luis Prieto Sanchs̕
|
| 256 |
|
|
|a Servicio en ln̕ea
|
| 260 |
|
|
|a Lima :
|b Palestra editores,
|c 2002
|
| 300 |
|
|
|a 229 p. ;
|c 23 cm
|
| 506 |
1 |
|
|a Contenido solo disponible en los productos indicados
|d vLex Global
|d vLex Global (Academic Edition, excluding Law Schools)
|d vLex Global (U.S. Academic Edition, Law Schools)
|d vLex Global (U.S. Academic Edition, excluding Law Schools)
|d vLex Global (Academic Edition, Law Schools)
|
| 650 |
0 |
4 |
|a Derecho constitucional
|
| 740 |
0 |
|
|a vLex Libros (Servicios en ln̕ea)
|
| 856 |
4 |
0 |
|u http://vlex.com/source/4627
|z Acceso restringido
|
| 942 |
|
|
|c BOOK
|
| 999 |
|
4 |
|a Law
|b Peru
|
| 999 |
|
4 |
|a Derechos fundamentales
|